[Event "Chess Masters Gent 2023"]
[Site "Ghent, Belgium"]
[Date "2023.07.14"]
[Round "4.2"]
[White "Maerevoet, Sim"]
[Black "Csonka, Balazs"]
[Result "1-0"]
[TimeControl "90'/40 + 30' + 30\"/M"]
[WhiteTitle "FM"]
[BlackTitle "IM"]
[WhiteFideId "241725"]
[BlackFideId "742910"]
[WhiteElo "2414"]
[BlackElo "2497"]

1. e4 {[%clk 01:30:57]} {[%emt 00:00:02]} c6 {[%clk 01:30:54]} {[%emt
00:00:06]} 2. d4 {[%clk 01:27:18]} {[%emt 00:04:09]} d5 {[%clk 01:31:09]}
{[%emt 00:00:15]} 3. exd5 {[%clk 01:27:42]} {[%emt 00:00:06]} cxd5 {[%clk
01:31:34]} {[%emt 00:00:05]} 4. Bd3 {[%clk 01:27:47]} {[%emt 00:00:25]} Nf6
{[%clk 01:31:38]} {[%emt 00:00:25]} 5. h3 {[%clk 01:25:47]} {[%emt 00:02:30]}
Nc6 {[%clk 01:31:56]} {[%emt 00:00:12]} 6. Nf3 {[%clk 01:25:53]} {[%emt
00:00:24]} Nb4 {[%clk 01:24:40]} {[%emt 00:07:46]} 7. Ne5 {[%clk 01:23:13]}
{[%emt 00:03:10]} Nxd3+ {[%clk 01:22:51]} {[%emt 00:02:19]} 8. Qxd3 {[%clk
01:22:02]} {[%emt 00:01:41]} e6 {[%clk 01:23:02]} {[%emt 00:00:19]} 9. Bf4
{[%clk 01:14:50]} {[%emt 00:07:42]} Be7 {[%clk 01:16:05]} {[%emt 00:07:27]} 10.
Nd2 {[%clk 01:07:15]} {[%emt 00:08:04]} O-O {[%clk 01:14:29]} {[%emt 00:02:07]}
11. h4 {[%clk 01:01:12]} {[%emt 00:06:33]} Nd7 {[%clk 00:58:20]} {[%emt
00:16:38]} 12. Ndf3 {[%clk 00:55:42]} {[%emt 00:06:01]} Nxe5 {[%clk 00:22:45]}
{[%emt 00:36:05]} 13. Bxe5 {[%clk 00:43:28]} {[%emt 00:12:45]} f6 {[%clk
00:19:12]} {[%emt 00:04:03]} 14. Ng5 {[%clk 00:31:35]} {[%emt 00:12:23]} fxg5
{[%clk 00:19:11]} {[%emt 00:00:31]} 15. hxg5 {[%clk 00:30:52]} {[%emt
00:01:13]} g6 {[%clk 00:19:34]} {[%emt 00:00:07]} 16. Ke2 {[%clk 00:24:20]}
{[%emt 00:07:03]} Rf5 {[%clk 00:13:57]} {[%emt 00:06:06]} 17. f4 {[%clk
00:18:10]} {[%emt 00:06:40]} Qb6 {[%clk 00:08:59]} {[%emt 00:05:28]} 18. Rxh7
{[%clk 00:13:39]} {[%emt 00:05:02]} Rxe5+ {[%clk 00:05:47]} {[%emt 00:03:43]}
19. fxe5 {[%clk 00:13:47]} {[%emt 00:00:22]} Kxh7 {[%clk 00:06:07]} {[%emt
00:00:09]} 20. Rh1+ {[%clk 00:11:33]} {[%emt 00:02:44]} Kg7 {[%clk 00:06:30]}
{[%emt 00:00:07]} 21. Qh3 {[%clk 00:11:59]} {[%emt 00:00:04]} Qb5+ {[%clk
00:04:38]} {[%emt 00:02:23]} 22. Kd1 {[%clk 00:08:59]} {[%emt 00:03:30]} Kf7
{[%clk 00:04:30]} {[%emt 00:00:38]} 23. Qh8 {[%clk 00:09:22]} {[%emt 00:00:06]}
Bf8 {[%clk 00:04:45]} {[%emt 00:00:15]} 24. Qf6+ {[%clk 00:09:02]} {[%emt
00:00:50]} Ke8 {[%clk 00:05:10]} {[%emt 00:00:06]} 25. Rh7 {[%clk 00:08:07]}
{[%emt 00:01:26]} Bd7 {[%clk 00:01:57]} {[%emt 00:03:43]} 26. Qf7+ {[%clk
00:08:12]} {[%emt 00:00:24]} Kd8 {[%clk 00:02:26]} {[%emt 00:00:01]} 27. Qxf8+
{[%clk 00:08:35]} {[%emt 00:00:07]} Be8 {[%clk 00:02:50]} {[%emt 00:00:05]} 28.
Qe7+ {[%clk 00:09:00]} {[%emt 00:00:05]} 1-0

[Event "Chess Masters Gent 2023"]
[Site "Ghent, Belgium"]
[Date "2023.07.14"]
[Round "4.3"]
[White "De Waele, Warre"]
[Black "Pijpers, Arthur"]
[Result "0-1"]
[TimeControl "90'/40 + 30' + 30\"/M"]
[WhiteTitle "FM"]
[BlackTitle "IM"]
[WhiteFideId "241156"]
[BlackFideId "1019554"]
[WhiteElo "2350"]
[BlackElo "2465"]

1. Nf3 {[%clk 01:30:56]} {[%emt 00:00:02]} Nf6 {[%clk 01:30:53]} {[%emt
00:00:08]} 2. g3 {[%clk 01:30:30]} {[%emt 00:00:56]} g6 {[%clk 01:29:23]}
{[%emt 00:02:00]} 3. Bg2 {[%clk 01:30:43]} {[%emt 00:00:16]} Bg7 {[%clk
01:29:39]} {[%emt 00:00:14]} 4. O-O {[%clk 01:31:02]} {[%emt 00:00:12]} d5
{[%clk 01:29:50]} {[%emt 00:00:19]} 5. d4 {[%clk 01:31:00]} {[%emt 00:00:31]}
O-O {[%clk 01:30:13]} {[%emt 00:00:08]} 6. c3 {[%clk 01:31:22]} {[%emt
00:00:08]} Bf5 {[%clk 01:26:14]} {[%emt 00:04:30]} 7. Qb3 {[%clk 01:31:38]}
{[%emt 00:00:13]} Qc8 {[%clk 01:25:48]} {[%emt 00:00:57]} 8. Bf4 {[%clk
01:29:20]} {[%emt 00:02:48]} c5 {[%clk 01:23:21]} {[%emt 00:02:57]} 9. dxc5
{[%clk 01:26:11]} {[%emt 00:03:38]} Na6 {[%clk 01:19:41]} {[%emt 00:04:12]} 10.
Be3 {[%clk 01:16:30]} {[%emt 00:10:10]} Nxc5 {[%clk 01:16:33]} {[%emt
00:03:38]} 11. Qa3 {[%clk 01:16:38]} {[%emt 00:00:22]} b6 {[%clk 01:16:46]}
{[%emt 00:00:17]} 12. Bd4 {[%clk 01:15:14]} {[%emt 00:01:53]} Re8 {[%clk
01:07:38]} {[%emt 00:09:38]} 13. b4 {[%clk 01:05:52]} {[%emt 00:09:53]} Nce4
{[%clk 01:01:19]} {[%emt 00:06:49]} 14. Qb2 {[%clk 01:05:13]} {[%emt 00:01:09]}
Bh3 {[%clk 00:59:35]} {[%emt 00:02:15]} 15. Ne5 {[%clk 00:58:46]} {[%emt
00:06:57]} h5 {[%clk 00:51:54]} {[%emt 00:08:10]} 16. Rc1 {[%clk 00:54:14]}
{[%emt 00:05:02]} Bxg2 {[%clk 00:38:41]} {[%emt 00:13:44]} 17. Kxg2 {[%clk
00:54:33]} {[%emt 00:00:10]} Ng5 {[%clk 00:39:05]} {[%emt 00:00:06]} 18. Nd2
{[%clk 00:50:07]} {[%emt 00:04:56]} Qh3+ {[%clk 00:39:30]} {[%emt 00:00:05]} 19.
Kg1 {[%clk 00:50:31]} {[%emt 00:00:06]} Ne6 {[%clk 00:24:22]} {[%emt 00:15:39]}
20. Nef3 {[%clk 00:48:39]} {[%emt 00:02:22]} Bh6 {[%clk 00:21:03]} {[%emt
00:03:48]} 21. Bxf6 {[%clk 00:47:37]} {[%emt 00:01:31]} exf6 {[%clk 00:21:25]}
{[%emt 00:00:08]} 22. Rd1 {[%clk 00:39:20]} {[%emt 00:08:47]} Nf4 {[%clk
00:11:04]} {[%emt 00:10:52]} 23. gxf4 {[%clk 00:39:30]} {[%emt 00:00:20]} Rxe2
{[%clk 00:11:32]} {[%emt 00:00:02]} 24. Qb1 {[%clk 00:37:53]} {[%emt 00:02:07]}
Bxf4 {[%clk 00:11:18]} {[%emt 00:00:44]} 0-1

[Event "Chess Masters Gent 2023"]
[Site "Ghent, Belgium"]
[Date "2023.07.14"]
[Round "4.4"]
[White "Gormally, Daniel W."]
[Black "Laurent-Paoli, Pierre"]
[Result "1/2-1/2"]
[TimeControl "90'/40 + 30' + 30\"/M"]
[WhiteTitle "GM"]
[BlackTitle "IM"]
[WhiteFideId "406465"]
[BlackFideId "26017962"]
[WhiteElo "2432"]
[BlackElo "2531"]

1. d4 {[%clk 01:30:51]} {[%emt 00:00:08]} Nf6 {[%clk 01:30:32]} {[%emt
00:00:28]} 2. Bg5 {[%clk 01:31:15]} {[%emt 00:00:07]} c5 {[%clk 01:30:35]}
{[%emt 00:00:27]} 3. dxc5 {[%clk 01:30:29]} {[%emt 00:01:16]} e6 {[%clk
01:26:43]} {[%emt 00:04:22]} 4. Nc3 {[%clk 01:29:52]} {[%emt 00:01:08]} Bxc5
{[%clk 01:24:05]} {[%emt 00:03:07]} 5. e4 {[%clk 01:24:55]} {[%emt 00:05:27]}
Nc6 {[%clk 01:13:15]} {[%emt 00:11:20]} 6. Qd2 {[%clk 01:22:16]} {[%emt
00:03:10]} h6 {[%clk 01:08:16]} {[%emt 00:05:28]} 7. Bh4 {[%clk 01:20:22]}
{[%emt 00:02:24]} Bb4 {[%clk 00:50:32]} {[%emt 00:18:15]} 8. Bd3 {[%clk
01:19:35]} {[%emt 00:01:16]} Nxe4 {[%clk 00:42:53]} {[%emt 00:08:09]} 9. Bxd8
{[%clk 01:19:57]} {[%emt 00:00:08]} Nxd2 {[%clk 00:43:18]} {[%emt 00:00:06]} 10.
Bh4 {[%clk 01:19:25]} {[%emt 00:01:01]} d5 {[%clk 00:43:13]} {[%emt 00:00:36]}
11. Kxd2 {[%clk 01:19:50]} {[%emt 00:00:04]} d4 {[%clk 00:43:35]} {[%emt
00:00:09]} 12. Nge2 {[%clk 01:20:16]} {[%emt 00:00:03]} dxc3+ {[%clk 00:41:00]}
{[%emt 00:03:05]} 13. Nxc3 {[%clk 01:20:42]} {[%emt 00:00:05]} Ne5 {[%clk
00:39:30]} {[%emt 00:02:00]} 14. a3 {[%clk 01:20:00]} {[%emt 00:01:13]} Bxc3+
{[%clk 00:35:53]} {[%emt 00:04:07]} 15. Kxc3 {[%clk 01:17:55]} {[%emt
00:02:35]} Nxd3 {[%clk 00:36:05]} {[%emt 00:00:18]} 16. Kxd3 {[%clk 01:14:43]}
{[%emt 00:03:42]} e5 {[%clk 00:35:08]} {[%emt 00:01:27]} 17. c4 {[%clk
01:11:34]} {[%emt 00:03:39]} f6 {[%clk 00:34:59]} {[%emt 00:00:39]} 18. a4
{[%clk 01:09:19]} {[%emt 00:02:45]} Be6 {[%clk 00:27:15]} {[%emt 00:08:14]} 19.
Kc3 {[%clk 01:09:44]} {[%emt 00:00:05]} h5 {[%clk 00:20:23]} {[%emt 00:07:22]}
20. f3 {[%clk 01:09:09]} {[%emt 00:01:04]} g5 {[%clk 00:20:45]} {[%emt
00:00:09]} 21. Bf2 {[%clk 01:09:35]} {[%emt 00:00:05]} h4 {[%clk 00:21:11]}
{[%emt 00:00:04]} 22. Be3 {[%clk 01:05:16]} {[%emt 00:04:48]} Kf7 {[%clk
00:20:21]} {[%emt 00:01:20]} 23. Rhd1 {[%clk 01:04:19]} {[%emt 00:01:27]} h3
{[%clk 00:16:15]} {[%emt 00:04:36]} 24. g3 {[%clk 01:00:03]} {[%emt 00:04:46]}
Rhd8 {[%clk 00:16:12]} {[%emt 00:00:33]} 25. b3 {[%clk 00:49:56]} {[%emt
00:10:36]} a6 {[%clk 00:15:50]} {[%emt 00:00:52]} 26. Bb6 {[%clk 00:49:48]}
{[%emt 00:00:39]} Rd7 {[%clk 00:15:31]} {[%emt 00:00:49]} 27. Rd3 {[%clk
00:42:15]} {[%emt 00:08:02]} Rxd3+ {[%clk 00:13:51]} {[%emt 00:02:11]} 28. Kxd3
{[%clk 00:42:40]} {[%emt 00:00:05]} Bd7 {[%clk 00:14:05]} {[%emt 00:00:16]} 29.
Ke3 {[%clk 00:38:07]} {[%emt 00:05:01]} f5 {[%clk 00:13:57]} {[%emt 00:00:39]}
30. Rd1 {[%clk 00:37:33]} {[%emt 00:01:04]} f4+ {[%clk 00:12:58]} {[%emt
00:01:29]} 31. Kf2 {[%clk 00:37:55]} {[%emt 00:00:08]} Bf5 {[%clk 00:07:45]}
{[%emt 00:05:43]} 32. Rd8 {[%clk 00:35:32]} {[%emt 00:02:53]} Rxd8 {[%clk
00:08:06]} {[%emt 00:00:10]} 33. Bxd8 {[%clk 00:35:58]} {[%emt 00:00:03]} Kg6
{[%clk 00:08:00]} {[%emt 00:00:36]} 34. b4 {[%clk 00:35:24]} {[%emt 00:01:04]}
Bc2 {[%clk 00:07:55]} {[%emt 00:00:36]} 35. a5 {[%clk 00:35:44]} {[%emt
00:00:10]} Bd3 {[%clk 00:07:51]} {[%emt 00:00:33]} 36. c5 {[%clk 00:35:07]}
{[%emt 00:01:07]} Kf5 {[%clk 00:07:55]} {[%emt 00:00:26]} 37. Bc7 {[%clk
00:31:25]} {[%emt 00:04:12]} Bb5 {[%clk 00:07:37]} {[%emt 00:00:47]} 38. g4+
{[%clk 00:26:45]} {[%emt 00:05:10]} Kf6 {[%clk 00:08:01]} {[%emt 00:00:06]} 39.
Bd8+ {[%clk 00:27:12]} {[%emt 00:00:03]} Kg6 {[%clk 00:08:24]} {[%emt
00:00:07]} 40. Bc7 {[%clk 00:27:39]} {[%emt 00:00:03]} Kf6 {[%clk 00:03:50]}
{[%emt 00:05:04]} 41. Bd8+ {[%clk 00:28:04]} {[%emt 00:00:05]} Kg6 {[%clk
00:04:13]} {[%emt 00:00:07]} 42. Bc7 {[%clk 00:28:30]} {[%emt 00:00:04]} Kf6
{[%clk 00:04:39]} {[%emt 00:00:05]} 43. Bd8+ {[%clk 00:28:56]} {[%emt
00:00:04]} 1/2-1/2

[Event "Chess Masters Gent 2023"]
[Site "Ghent, Belgium"]
[Date "2023.07.14"]
[Round "4.5"]
[White "Dgebuadze, Alexandre"]
[Black "Van Der Stricht, Geert"]
[Result "1-0"]
[TimeControl "90'/40 + 30' + 30\"/M"]
[WhiteTitle "GM"]
[BlackTitle "IM"]
[BlackFideId "201324"]
[WhiteElo "2443"]
[BlackElo "2329"]

1. e4 {[%clk 01:30:28]} {[%emt 00:00:31]} c5 {[%clk 01:29:19]} {[%emt
00:01:42]} 2. Nf3 {[%clk 01:30:50]} {[%emt 00:00:08]} d6 {[%clk 01:29:44]}
{[%emt 00:00:05]} 3. d4 {[%clk 01:31:15]} {[%emt 00:00:05]} cxd4 {[%clk
01:30:10]} {[%emt 00:00:04]} 4. Nxd4 {[%clk 01:31:41]} {[%emt 00:00:05]} Nf6
{[%clk 01:30:28]} {[%emt 00:00:08]} 5. Nc3 {[%clk 01:32:08]} {[%emt 00:00:06]}
a6 {[%clk 01:30:50]} {[%emt 00:00:07]} 6. Bc4 {[%clk 01:32:25]} {[%emt
00:00:14]} e6 {[%clk 01:30:23]} {[%emt 00:00:56]} 7. O-O {[%clk 01:32:49]}
{[%emt 00:00:07]} Be7 {[%clk 01:26:41]} {[%emt 00:04:11]} 8. Bb3 {[%clk
01:32:41]} {[%emt 00:00:39]} O-O {[%clk 01:21:05]} {[%emt 00:06:06]} 9. f4
{[%clk 01:32:03]} {[%emt 00:01:09]} Nbd7 {[%clk 01:16:30]} {[%emt 00:05:05]} 10.
Kh1 {[%clk 01:23:42]} {[%emt 00:08:50]} Nc5 {[%clk 01:14:24]} {[%emt 00:02:35]}
11. e5 {[%clk 01:22:36]} {[%emt 00:01:38]} dxe5 {[%clk 01:07:33]} {[%emt
00:07:21]} 12. fxe5 {[%clk 01:17:50]} {[%emt 00:05:16]} Nfd7 {[%clk 01:06:06]}
{[%emt 00:01:56]} 13. Qh5 {[%clk 01:08:49]} {[%emt 00:09:31]} g6 {[%clk
00:56:41]} {[%emt 00:09:55]} 14. Qe2 {[%clk 01:07:46]} {[%emt 00:01:33]} Bg5
{[%clk 00:50:43]} {[%emt 00:06:28]} 15. Bxg5 {[%clk 00:57:06]} {[%emt
00:11:11]} Qxg5 {[%clk 00:51:08]} {[%emt 00:00:04]} 16. Rae1 {[%clk 00:57:26]}
{[%emt 00:00:10]} b5 {[%clk 00:43:02]} {[%emt 00:08:37]} 17. Ne4 {[%clk
00:54:58]} {[%emt 00:02:59]} Nxe4 {[%clk 00:41:24]} {[%emt 00:02:08]} 18. Qxe4
{[%clk 00:55:22]} {[%emt 00:00:05]} Nc5 {[%clk 00:19:12]} {[%emt 00:22:42]} 19.
Qxa8 {[%clk 00:47:04]} {[%emt 00:08:47]} Bb7 {[%clk 00:19:38]} {[%emt
00:00:04]} 20. Nf3 {[%clk 00:46:50]} {[%emt 00:00:44]} Qe7 {[%clk 00:18:02]}
{[%emt 00:02:06]} 21. Qa7 {[%clk 00:46:45]} {[%emt 00:00:36]} Qc7 {[%clk
00:18:06]} {[%emt 00:00:27]} 22. Bd5 {[%clk 00:35:08]} {[%emt 00:12:07]} exd5
{[%clk 00:17:41]} {[%emt 00:00:55]} 23. b4 {[%clk 00:35:35]} {[%emt 00:00:03]}
Ne4 {[%clk 00:13:36]} {[%emt 00:04:35]} 24. Qe3 {[%clk 00:34:31]} {[%emt
00:01:33]} Qe7 {[%clk 00:12:58]} {[%emt 00:01:07]} 25. Qh6 {[%clk 00:30:19]}
{[%emt 00:04:43]} f5 {[%clk 00:11:29]} {[%emt 00:01:59]} 26. exf6 {[%clk
00:30:07]} {[%emt 00:00:42]} Rxf6 {[%clk 00:11:46]} {[%emt 00:00:13]} 27. a3
{[%clk 00:27:07]} {[%emt 00:03:30]} d4 {[%clk 00:08:15]} {[%emt 00:04:01]} 28.
Kg1 {[%clk 00:24:11]} {[%emt 00:03:25]} Qd7 {[%clk 00:05:42]} {[%emt 00:03:03]}
29. Ng5 {[%clk 00:21:24]} {[%emt 00:03:17]} Rxf1+ {[%clk 00:00:31]} {[%emt
00:05:41]} 30. Rxf1 {[%clk 00:21:40]} {[%emt 00:00:14]} 1-0

[Event "Chess Masters Gent 2023"]
[Site "Ghent, Belgium"]
[Date "2023.07.14"]
[Round "4.6"]
[White "Ruzhansky, Elias"]
[Black "Dauw, Sterre"]
[Result "1/2-1/2"]
[TimeControl "90'/40 + 30' + 30\"/M"]
[BlackTitle "FM"]
[WhiteFideId "472824"]
[BlackFideId "248886"]
[WhiteElo "2209"]
[BlackElo "2244"]

1. e4 {[%clk 01:30:57]} {[%emt 00:00:02]} c5 {[%clk 01:30:55]} {[%emt
00:00:05]} 2. Nf3 {[%clk 01:31:22]} {[%emt 00:00:05]} Nc6 {[%clk 01:31:20]}
{[%emt 00:00:05]} 3. d4 {[%clk 01:31:47]} {[%emt 00:00:05]} cxd4 {[%clk
01:31:46]} {[%emt 00:00:04]} 4. Nxd4 {[%clk 01:32:13]} {[%emt 00:00:04]} Nf6
{[%clk 01:32:11]} {[%emt 00:00:05]} 5. Nc3 {[%clk 01:32:37]} {[%emt 00:00:06]}
h5 {[%clk 01:32:37]} {[%emt 00:00:04]} 6. h3 {[%clk 01:25:50]} {[%emt
00:07:18]} e6 {[%clk 01:15:33]} {[%emt 00:17:35]} 7. Ndb5 {[%clk 01:25:57]}
{[%emt 00:00:23]} d6 {[%clk 01:15:51]} {[%emt 00:00:11]} 8. Bf4 {[%clk
01:26:20]} {[%emt 00:00:07]} e5 {[%clk 01:16:15]} {[%emt 00:00:06]} 9. Bg5
{[%clk 01:26:44]} {[%emt 00:00:05]} a6 {[%clk 01:16:08]} {[%emt 00:00:37]} 10.
Na3 {[%clk 01:27:11]} {[%emt 00:00:04]} b5 {[%clk 01:14:47]} {[%emt 00:01:51]}
11. Nd5 {[%clk 01:27:35]} {[%emt 00:00:06]} Be7 {[%clk 01:14:28]} {[%emt
00:00:48]} 12. Bxf6 {[%clk 01:27:53]} {[%emt 00:00:12]} Bxf6 {[%clk 01:14:52]}
{[%emt 00:00:06]} 13. c4 {[%clk 01:28:18]} {[%emt 00:00:05]} b4 {[%clk
01:14:29]} {[%emt 00:00:53]} 14. Nc2 {[%clk 01:28:43]} {[%emt 00:00:05]} a5
{[%clk 01:13:52]} {[%emt 00:01:07]} 15. Qf3 {[%clk 01:29:07]} {[%emt 00:00:07]}
Rb8 {[%clk 01:11:08]} {[%emt 00:03:13]} 16. Rd1 {[%clk 01:28:29]} {[%emt
00:01:08]} Rh6 {[%clk 01:01:33]} {[%emt 00:10:05]} 17. Be2 {[%clk 01:13:26]}
{[%emt 00:15:34]} h4 {[%clk 00:47:40]} {[%emt 00:14:23]} 18. O-O {[%clk
01:13:21]} {[%emt 00:00:32]} Bg5 {[%clk 00:47:17]} {[%emt 00:00:56]} 19. b3
{[%clk 00:55:51]} {[%emt 00:18:00]} Kf8 {[%clk 00:43:28]} {[%emt 00:04:19]} 20.
Ra1 {[%clk 00:55:27]} {[%emt 00:00:54]} Ne7 {[%clk 00:38:16]} {[%emt 00:05:42]}
21. Nxe7 {[%clk 00:53:26]} {[%emt 00:02:32]} Qxe7 {[%clk 00:38:39]} {[%emt
00:00:06]} 22. a3 {[%clk 00:53:15]} {[%emt 00:00:41]} Bd2 {[%clk 00:39:03]}
{[%emt 00:00:06]} 23. axb4 {[%clk 00:53:08]} {[%emt 00:00:38]} axb4 {[%clk
00:39:26]} {[%emt 00:00:06]} 24. Qd3 {[%clk 00:50:45]} {[%emt 00:02:52]} Bc3
{[%clk 00:39:41]} {[%emt 00:00:15]} 25. Ra4 {[%clk 00:50:56]} {[%emt 00:00:20]}
Qb7 {[%clk 00:34:52]} {[%emt 00:05:19]} 26. Qe3 {[%clk 00:46:09]} {[%emt
00:05:17]} Ra8 {[%clk 00:28:03]} {[%emt 00:07:19]} 27. Rxa8 {[%clk 00:45:28]}
{[%emt 00:01:11]} Qxa8 {[%clk 00:28:29]} {[%emt 00:00:05]} 28. Qb6 {[%clk
00:44:06]} {[%emt 00:01:51]} Bb7 {[%clk 00:28:19]} {[%emt 00:00:40]} 29. Bf3
{[%clk 00:43:25]} {[%emt 00:01:12]} Kg8 {[%clk 00:28:18]} {[%emt 00:00:31]} 30.
Nxb4 {[%clk 00:42:14]} {[%emt 00:01:41]} d5 {[%clk 00:26:18]} {[%emt 00:02:30]}
31. Qb5 {[%clk 00:42:21]} {[%emt 00:00:23]} dxe4 {[%clk 00:26:37]} {[%emt
00:00:11]} 32. Be2 {[%clk 00:41:59]} {[%emt 00:00:51]} Bd4 {[%clk 00:23:00]}
{[%emt 00:04:07]} 33. c5 {[%clk 00:40:25]} {[%emt 00:02:05]} Rf6 {[%clk
00:20:07]} {[%emt 00:03:23]} 34. Qc4 {[%clk 00:39:22]} {[%emt 00:01:33]} Kh8
{[%clk 00:13:22]} {[%emt 00:07:15]} 35. Qb5 {[%clk 00:35:15]} {[%emt 00:04:37]}
Kh7 {[%clk 00:10:54]} {[%emt 00:02:57]} 36. Qc4 {[%clk 00:35:05]} {[%emt
00:00:39]} g6 {[%clk 00:07:49]} {[%emt 00:03:35]} 37. Nc2 {[%clk 00:33:19]}
{[%emt 00:02:17]} Ba6 {[%clk 00:06:31]} {[%emt 00:01:48]} 38. Qa4 {[%clk
00:33:43]} {[%emt 00:00:05]} Bxc5 {[%clk 00:06:41]} {[%emt 00:00:21]} 39. Bxa6
{[%clk 00:32:21]} {[%emt 00:01:52]} Rxa6 {[%clk 00:04:38]} {[%emt 00:02:32]} 40.
Qc4 {[%clk 00:32:47]} {[%emt 00:00:04]} Qa7 {[%clk 00:05:02]} {[%emt 00:00:07]}
41. Qxe4 {[%clk 00:32:44]} {[%emt 00:00:32]} Qe7 {[%clk 00:05:16]} {[%emt
00:00:17]} 42. b4 {[%clk 00:29:22]} {[%emt 00:03:52]} Bb6 {[%clk 00:03:02]}
{[%emt 00:02:43]} 43. Qc4 {[%clk 00:25:02]} {[%emt 00:04:49]} Ra7 {[%clk
00:01:47]} {[%emt 00:01:47]} 44. b5 {[%clk 00:15:35]} {[%emt 00:09:58]} Rc7
{[%clk 00:30:04]} {[%emt 00:02:12]} 45. Qb3 {[%clk 00:45:49]} {[%emt 00:00:16]}
Kg7 {[%clk 00:16:31]} {[%emt 00:14:02]} 46. Nb4 {[%clk 00:41:05]} {[%emt
00:05:14]} Rc5 {[%clk 00:14:00]} {[%emt 00:03:01]} 47. Nd3 {[%clk 00:40:31]}
{[%emt 00:01:04]} Rc8 {[%clk 00:14:19]} {[%emt 00:00:11]} 48. Re1 {[%clk
00:40:32]} {[%emt 00:00:28]} Qf6 {[%clk 00:13:30]} {[%emt 00:01:19]} 49. Qb2
{[%clk 00:35:19]} {[%emt 00:05:44]} Bd4 {[%clk 00:13:51]} {[%emt 00:00:09]} 50.
Qe2 {[%clk 00:35:43]} {[%emt 00:00:05]} Qf5 {[%clk 00:11:19]} {[%emt 00:03:02]}
51. b6 {[%clk 00:25:12]} {[%emt 00:11:01]} Bxb6 {[%clk 00:11:38]} {[%emt
00:00:11]} 52. Qxe5+ {[%clk 00:25:30]} {[%emt 00:00:12]} Qxe5 {[%clk 00:11:25]}
{[%emt 00:00:43]} 53. Nxe5 {[%clk 00:24:59]} {[%emt 00:01:02]} Rc2 {[%clk
00:11:48]} {[%emt 00:00:07]} 54. Ng4 {[%clk 00:24:58]} {[%emt 00:00:31]} Rc7
{[%clk 00:11:39]} {[%emt 00:00:40]} 1/2-1/2